000
00273nam a22001097a 4500
008
170125b xxu||||| |||| 00| 0 eng d
020
_a
9780683085082
041
_a
eng
080
_2
2ND
_a
61
245
_a
GUIDE TO CLINICAL PREVENTIVE SERVICES
_c
DIGUISSEPI, C
942
_2
udc
_c
BK
999
_c
3684
_d
3684